| 000 | 00685nam a2200277Ia 4500 | ||
|---|---|---|---|
| 005 | 20260324133818.0 | ||
| 008 | 008 260324s9999 xx 000 0 eng d | ||
| 020 | _a9781315199870 | ||
| 037 | _aEBOOK | ||
| 040 | _aCRL | ||
| 040 | _beng | ||
| 040 | _cCRL | ||
| 041 | _2eng | ||
| 041 | _aeng | ||
| 084 | _qCRL | ||
| 100 |
_aRichard Crocker; David Bjork _91194488 |
||
| 245 | 4 | _aThe Aquitanian Kyrie Repertory of the Tenth and Eleventh Centuries | |
| 260 | _bTaylor and Francis | ||
| 260 | _c2003 | ||
| 365 | _a | ||
| 365 | _b52.95 | ||
| 856 | _uhttp://www.taylorfrancis.com/books/9781315199870 | ||
| 942 | _cEBOOK | ||
| 999 |
_c1793917 _d1793917 |
||